01402nam a2200325 i 450000500170000000800410001702000150005804000350007304100080010810000350011624500840015125000180023526400590025330000630031233600270037533700330040233800280043549000450046352002000050852100620070853400120077065000530078265000500083565000320088565000360091765000520095370000320100570000280103708400110106520220316235230.0121119s1993 mx a gr 000 j spa d a9681642708 aCO-BoRNBPbspacCO-BoRNBPerda0 aspa1 aBrowne, Anthony,d1946-eautor10aCambioscAnthony, Browne ; traducción de Carmen Esteva ; editor Daniel Goldin a1a. edición 1aMéxicoaBogotábFondo de Cultura Económicac1993 a[30] páginas sin enumerar bilustraciones a colorc30 cm atextobtxt2rdacontent asin mediaciónbn2rdamedia avolumenbnc2rdacarrier0 aLos especiales de a la orilla del viento aUna mañana José Kaf comienza a descubrir cosas extrañas que pasan a su alrededor. Las imágenes de este libro revelan las posibilidades de descubrir nuevas formas en los objetos cotidianos aRecomendado para un público infantil mayor de 6 años. tChanges17ySiglo XX2ARMARCaÁlbumes infantiles ingleses 17aLiteratura infantil inglesaySiglo XX2ARMARC17aFamiliavÁlbumes 2ARMARC142LEMBaImaginación vÁlbumes142LEMBaLibros ilustrados para niñosvÁlbumes1 aEsteva, Carmen,etraductora1 aGoldin, Daniel,eeditor aA BRO1